000 00683nam a2200193 i 4500
001 45882
003 ES-MaACL
005 20230906161307.0
007 t|
008 030327s1925 sp ||||1| spa d
110 2 _aComisión Asesora Nacional Patronal y Obrera (España)
_93007
245 1 0 _aLabor del pleno
_b: (10-16 octubre 1925) /
_cComisión Asesora Nacional Patronal y Obrera.
260 _aMadrid :
_b[s.n.,
_c1925] (
_fSob. de Suc. de Minuesa)
300 _a160 p. ;
_c22 cm.
490 1 _aPublicaciones del Instituto Nacional de Previsión
830 0 _aPublicaciones del Instituto Nacional de Previsión
_9181151
852 _aES-MaACL
_j1691-F-29
999 _c45882
_d45882